Score 0/20 Timer 03:00
1 Play Today
Mixed Up Name Country % Correct
HADCChad
98.8%
QARIIraq
98%
NARIIran
97.8%
PAINSSpain
96.5%
RUEPPeru
95.4%
PAANJJapan
95%
NICHAChina
94.6%
YMEENYemen
94.3%
SOALLaos
94.3%
DNIAIIndia
94.2%
Mixed Up Name Country % Correct
LIAMMali
93.9%
LIECHChile
92.1%
ALYTIItaly
91.8%
TARAQQatar
91.1%
PALENNepal
90%
REGINNiger
88.9%
YANKEKenya
87.6%
YABLILibya
86.7%
RIASYSyria
85.9%
GONTATonga
85.2%
Remove Ads.
Support Sporcle.
Get the best of Sporcle when you Go Orange. This ad-free experience offers more features, more stats, and more fun while also helping to support Sporcle. Thank you for becoming a member.

You're not logged in!

Compare scores with friends on all Sporcle quizzes.
OR
Log In

Show Comments

Extras

Top Quizzes Today


Score Distribution

Your Account Isn't Verified!

In order to create a playlist on Sporcle, you need to verify the email address you used during registration. Go to your Sporcle Settings to finish the process.

Report this User

Report this user for behavior that violates our Community Guidelines.

Details: